Estate planning desk book
Đã lưu trong:
| Príomhúdar: | |
|---|---|
| Formáid: | Leabhar |
| Teanga: | Undetermined |
| Foilsithe: |
New York
Institute for Business Planning
1972
|
| Ábhair: | |
| Clibeanna: |
Cuir Clib Leis
Gan Chlibeanna, Bí ar an gcéad duine leis an taifead seo a chlibeáil!
|
| Thư viện lưu trữ: | Trung tâm Học liệu Trường Đại học Cần Thơ |
|---|
| LEADER | 00521nam a2200193Ia 4500 | ||
|---|---|---|---|
| 001 | CTU_43410 | ||
| 008 | 210402s9999 xx 000 0 und d | ||
| 082 | |a 346.73 | ||
| 082 | |b C338 | ||
| 100 | |a Casey, William J. | ||
| 245 | 0 | |a Estate planning desk book | |
| 245 | 0 | |c William J. Casey | |
| 260 | |a New York | ||
| 260 | |b Institute for Business Planning | ||
| 260 | |c 1972 | ||
| 650 | |a Estate planning | ||
| 650 | |z United States | ||
| 904 | |i Minh, Hải | ||
| 980 | |a Trung tâm Học liệu Trường Đại học Cần Thơ | ||